[Event "Mittelrhein Verbandsliga-S 18/19"]
[Site "Nordrheinwestfalen"]
[Date "2019.02.10"]
[Round "7.2"]
[White "Thalwitzer, David"]
[Black "Gerusel, Mathias"]
[Result "1/2-1/2"]
[WhiteElo "2113"]
[BlackElo "2137"]
[PlyCount "37"]
[EventDate "2018.09.02"]
[EventType "team-tourn"]
[EventRounds "11"]
[EventCountry "GER"]
[SourceTitle "EXT 2022"]
[Source "ChessBase"]
[SourceDate "2021.10.06"]
[SourceVersion "1"]
[SourceVersionDate "2021.10.06"]
[SourceQuality "1"]
[WhiteTeam "Porz SG IV"]
[BlackTeam "Godesberg II"]
[WhiteTeamCountry "GER"]
[BlackTeamCountry "GER"]

1. e4 c5 2. c3 Nf6 3. e5 Nd5 4. d4 cxd4 5. Nf3 Nc6 6. Bc4 Nb6 7. Bb3 d5 8. exd6 Qxd6 9. 0-0 Be6 10. Na3 dxc3 11. Bxe6 fxe6 12. bxc3 Qxd1 13. Rxd1 Rc8 14. Bf4 Nd5 15. Bd2 g6 16. Rab1 b6 17. Ng5 Nc7 18. Bf4 Nd5 19. Bd2 1/2-1/2

[Event "Mittelrhein Verbandsliga-S 18/19"]
[Site "Nordrheinwestfalen"]
[Date "2019.01.20"]
[Round "6.1"]
[White "Thalwitzer, David"]
[Black "Hemmann, Arnold"]
[Result "1/2-1/2"]
[WhiteElo "2113"]
[BlackElo "2084"]
[PlyCount "77"]
[EventDate "2018.09.02"]
[EventType "team-tourn"]
[EventRounds "11"]
[EventCountry "GER"]
[SourceTitle "EXT 2022"]
[Source "ChessBase"]
[SourceDate "2021.10.06"]
[SourceVersion "1"]
[SourceVersionDate "2021.10.06"]
[SourceQuality "1"]
[WhiteTeam "Porz SG IV"]
[BlackTeam "Rheinbacher SF"]
[WhiteTeamCountry "GER"]
[BlackTeamCountry "GER"]

1. e4 c5 2. c3 g6 3. Nf3 Bg7 4. d4 cxd4 5. cxd4 d5 6. Bb5+ Bd7 7. Bxd7+ Qxd7 8. e5 Nc6 9. Nc3 f6 10. 0-0 fxe5 11. dxe5 e6 12. Nb5 Nxe5 13. Nxe5 Bxe5 14. Qe2 Bd6 15. Re1 Kf7 16. Bg5 h6 17. Bh4 Nf6 18. Qf3 g5 19. Nxd6+ Qxd6 20. Bg3 Qe7 21. Be5 Rac8 22. Re3 Kg6 23. Rae1 Rhf8 24. h4 Ne4 25. Qd1 Nxf2 26. h5+ Kh7 27. Qb1+ Rf5 28. Bd4 Ne4 29. Rxe4 dxe4 30. Qxe4 Qd6 31. Kh1 Qd5 32. Qxe6 Qxe6 33. Rxe6 Rc7 34. Re8 Rg7 35. Bxg7 Kxg7 36. Re7+ Rf7 37. Re6 Rf6 38. Re7+ Rf7 39. Re6 1/2-1/2

[Event "Jersey op"]
[Site "St Clement Bay"]
[Date "2017.04.06"]
[Round "7"]
[White "Thalwitzer, David"]
[Black "Hebden, Mark"]
[Result "1/2-1/2"]
[WhiteElo "2114"]
[BlackElo "2494"]
[PlyCount "102"]
[EventDate "2017.04.01"]
[EventType "swiss"]
[EventRounds "9"]
[EventCountry "GCI"]
[SourceTitle "CBM 177 Extra"]
[Source "ChessBase"]
[SourceDate "2017.04.27"]
[SourceVersion "1"]
[SourceVersionDate "2017.04.27"]
[SourceQuality "1"]

1. e4 e5 2. Nf3 Nc6 3. Bb5 a6 4. Ba4 Nf6 5. d3 d6 6. c3 g6 7. Nbd2 Bg7 8. Nf1 b5 9. Bb3 Na5 10. Bc2 c5 11. Ng3 Nc6 12. 0-0 0-0 13. Bg5 h6 14. Be3 Ng4 15. Bd2 d5 16. exd5 Qxd5 17. h3 Nf6 18. Be3 Be6 19. Qd2 Kh7 20. Rfd1 Rac8 21. Bb3 c4 22. dxc4 bxc4 23. Qe2 Qb5 24. Bc2 Rfd8 25. b3 cxb3 26. axb3 Rxd1+ 27. Bxd1 Qxe2 28. Nxe2 a5 29. Ra4 Rb8 30. Nd2 Nd5 31. Bc5 Rd8 32. Ra2 f5 33. Kf1 e4 34. Bd4 Nxd4 35. cxd4 Nb4 36. Rxa5 Bxd4 37. Nxd4 Rxd4 38. Ke2 f4 39. Ra7+ Kg8 40. Rc7 Bd5 41. Bc2 Bc6 42. Bb1 Kf8 43. Nc4 Bb5 44. Ke1 Nd3+ 45. Bxd3 exd3 46. Kd2 g5 47. Rc5 Bd7 48. Ne5 Be6 49. Rc3 Rb4 50. Nxd3 Rxb3 51. Rxb3 Bxb3 1/2-1/2

[Event "Mittelrhein Regionalliga 16/17"]
[Site "Nordrheinwestfalen"]
[Date "2016.12.18"]
[Round "5.3"]
[White "Thalwitzer, David"]
[Black "Spiekermann, Thomas"]
[Result "1-0"]
[WhiteElo "2079"]
[BlackElo "1958"]
[PlyCount "51"]
[EventDate "2016.09.11"]
[EventType "team-tourn"]
[EventRounds "11"]
[EventCountry "GER"]
[SourceTitle "EXT 2022"]
[Source "ChessBase"]
[SourceDate "2021.10.06"]
[SourceVersion "1"]
[SourceVersionDate "2021.10.06"]
[SourceQuality "1"]
[WhiteTeam "Porz SG III"]
[BlackTeam "Dormagen SV"]
[WhiteTeamCountry "GER"]
[BlackTeamCountry "GER"]

1. e4 d6 2. d4 Nf6 3. Nc3 Nbd7 4. Nf3 e5 5. h3 Be7 6. Be3 c6 7. a4 a5 8. Bc4 0-0 9. 0-0 Nb6 10. Bb3 exd4 11. Nxd4 d5 12. Qf3 c5 13. Ndb5 d4 14. Bf4 dxc3 15. Bc7 Qe8 16. Bxb6 Qc6 17. Bc7 Nxe4 18. Rfe1 Nd2 19. Qxc3 Nxb3 20. Qxb3 Be6 21. Qg3 Bf6 22. Bd6 Rfd8 23. Rad1 Rd7 24. Be5 Bxe5 25. Qxe5 f6 26. Qe3 1-0

[Event "Plzen op 7th"]
[Site "Plzen"]
[Date "2015.11.26"]
[Round "5"]
[White "Jurek, Josef"]
[Black "Thalwitzer, David"]
[Result "1-0"]
[WhiteElo "2290"]
[BlackElo "2124"]
[PlyCount "183"]
[EventDate "2015.11.22"]
[EventType "swiss"]
[EventRounds "7"]
[EventCountry "CZE"]
[SourceTitle "CBM 169 Extra"]
[Source "ChessBase"]
[SourceDate "2015.12.18"]
[SourceVersion "1"]
[SourceVersionDate "2015.12.18"]
[SourceQuality "1"]

1. d4 Nf6 2. c4 g6 3. Nc3 Bg7 4. g3 0-0 5. Bg2 d6 6. Nf3 c6 7. 0-0 Bf5 8. Qb3 Qb6 9. Re1 Na6 10. e4 Bg4 11. Be3 c5 12. d5 Nd7 13. Qc2 Bxf3 14. Bxf3 Bd4 15. Qd2 Rab8 16. b3 Bxe3 17. Rxe3 Qa5 18. Be2 Nc7 19. f4 b5 20. e5 bxc4 21. bxc4 Nb6 22. Qc2 dxe5 23. fxe5 Nd7 24. Rd1 Rb6 25. Bg4 f5 26. Bf3 Qa6 27. Qd3 Rd8 28. Re2 Kg7 29. g4 Nf8 30. gxf5 gxf5 31. e6 Ng6 32. Bh5 Rf8 33. Rg2 Ne8 34. Nb5 Rf6 35. Rf1 Qa5 36. Rxf5 Qe1+ 37. Qf1 Qxf1+ 38. Rxf1 Rxf1+ 39. Kxf1 a6 40. Bxg6 hxg6 41. Nc3 Nd6 42. Na4 Rb1+ 43. Ke2 Nxc4 44. Nxc5 a5 45. Kd3 Nb6 46. Rf2 Nxd5 47. Rf7+ Kg8 48. a3 Re1 49. Kd4 Rd1+ 50. Ke5 Nb6 51. Rxe7 Rd5+ 52. Kf6 Rxc5 53. Rg7+ Kh8 54. Rb7 Nd5+ 55. Kxg6 Nf4+ 56. Kf6 Nxe6 57. Kxe6 Rc4 58. Rb3 a4 59. Rg3 Rc2 60. Rg4 Rxh2 61. Rxa4 Kg7 62. Rf4 Ra2 63. Rf3 Rd2 64. Ke5 Kg6 65. a4 Ra2 66. Rf4 Kg5 67. Rc4 Ra1 68. Kd6 Kf6 69. Kc6 Ke6 70. Re4+ Kf5 71. Rd4 Ke6 72. Re4+ Kf5 73. Rb4 Ke6 74. Kb6 Kd7 75. Kb7 Kd6 76. Kb6 Kd7 77. Rc4 Rb1+ 78. Ka7 Ra1 79. Ka6 Ra2 80. a5 Ra1 81. Kb6 Rb1+ 82. Ka7 Ra1 83. a6 Ra2 84. Kb7 Rb2+ 85. Ka8 Ra2 86. a7 Ra1 87. Kb7 Rb1+ 88. Ka6 Ra1+ 89. Kb6 Kd8 90. Rc5 Rb1+ 91. Rb5 Ra1 92. Ra5 1-0

[Event "Mittelrhein Regionalliga 15/16"]
[Site "Nordrheinwestfalen"]
[Date "2015.09.27"]
[Round "1.2"]
[White "Whitmire, James David"]
[Black "Thalwitzer, David"]
[Result "0-1"]
[WhiteElo "1858"]
[BlackElo "2090"]
[PlyCount "88"]
[EventDate "2015.09.27"]
[EventType "team-tourn"]
[EventRounds "9"]
[EventCountry "GER"]
[SourceTitle "EXT 2022"]
[Source "ChessBase"]
[SourceDate "2021.10.06"]
[SourceVersion "1"]
[SourceVersionDate "2021.10.06"]
[SourceQuality "1"]
[WhiteTeam "Aachen PTSV"]
[BlackTeam "Porz SG III"]
[WhiteTeamCountry "GER"]
[BlackTeamCountry "GER"]

1. d4 Nf6 2. Nf3 g6 3. c4 c5 4. d5 b5 5. cxb5 a6 6. e3 d6 7. Nc3 Bg7 8. Bc4 0-0 9. 0-0 Nbd7 10. Re1 Ng4 11. a4 axb5 12. Bxb5 Ba6 13. Bd2 Nge5 14. Nxe5 Nxe5 15. Qe2 c4 16. b3 Bxb5 17. axb5 Qc7 18. b6 Qxb6 19. bxc4 Qb3 20. Rab1 Qxc4 21. Rb7 Rfc8 22. Kf1 Nd3 23. Rd1 Bxc3 24. Bxc3 Qxc3 25. Qxd3 Qxd3+ 26. Rxd3 Rc2 27. g3 Raa2 28. Rxe7 Rxf2+ 29. Kg1 Rg2+ 30. Kh1 Rxh2+ 31. Kg1 Rhc2 32. Rd1 Rg2+ 33. Kh1 Rh2+ 34. Kg1 Rag2+ 35. Kf1 Rxg3 36. Rd4 Rf3+ 37. Ke1 Ra2 38. Rh4 h5 39. Ree4 Kg7 40. Rhf4 Rxf4 41. Rxf4 g5 42. Rc4 Kf6 43. Rc7 Ra5 44. e4 Ra4 0-1

[Event "Mittelrhein Verbandsliga Ost 1314"]
[Site "Mittelrhein"]
[Date "2014.02.09"]
[Round "7.1"]
[White "Thalwitzer, David"]
[Black "Altenburg, Wolfgang"]
[Result "1-0"]
[WhiteElo "2091"]
[BlackElo "2062"]
[PlyCount "51"]
[EventDate "2013.09.15"]
[EventType "team-tourn"]
[EventRounds "11"]
[EventCountry "GER"]
[SourceTitle "EXT 2023"]
[Source "ChessBase"]
[SourceDate "2022.10.05"]
[SourceVersion "1"]
[SourceVersionDate "2022.10.05"]
[SourceQuality "1"]
[WhiteTeam "Koeln Porz III"]
[BlackTeam "Bonn Empor Maulwurf"]
[WhiteTeamCountry "GER"]
[BlackTeamCountry "GER"]

1. e4 e5 2. Nf3 Nf6 3. d4 exd4 4. Nxd4 Nxe4 5. Bd3 d5 6. 0-0 Be7 7. Bxe4 dxe4 8. Nc3 f5 9. Bf4 Na6 10. Ndb5 Be6 11. Qh5+ g6 12. Qh6 Bf8 13. Qh3 Qe7 14. Qg3 Rc8 15. Nxa7 Ra8 16. Ncb5 Kf7 17. Rad1 Qc5 18. a4 c6 19. Be3 Qc4 20. Qe5 Rg8 21. Rd4 Qxc2 22. Bg5 Qb3 23. Qf6+ Ke8 24. Nd6+ Kd7 25. Nc4+ Ke8 26. Qxe6+ 1-0

[Event "Mittelrhein Verbandsliga Ost 1314"]
[Site "Mittelrhein"]
[Date "2013.11.24"]
[Round "4.1"]
[White "Thalwitzer, David"]
[Black "Kolkin, Michail"]
[Result "0-1"]
[WhiteElo "2091"]
[BlackElo "2302"]
[PlyCount "64"]
[EventDate "2013.09.15"]
[EventType "team-tourn"]
[EventRounds "11"]
[EventCountry "GER"]
[SourceTitle "EXT 2023"]
[Source "ChessBase"]
[SourceDate "2022.10.05"]
[SourceVersion "1"]
[SourceVersionDate "2022.10.05"]
[SourceQuality "1"]
[WhiteTeam "Koeln Porz III"]
[BlackTeam "Siegburg"]
[WhiteTeamCountry "GER"]
[BlackTeamCountry "GER"]

1. e4 c5 2. c3 b6 3. d4 Bb7 4. Bd3 Nf6 5. Qe2 cxd4 6. Nf3 dxc3 7. Nxc3 g6 8. 0-0 Bg7 9. e5 Ng4 10. h3 Nh6 11. Bf4 0-0 12. Qe3 Nf5 13. Bxf5 gxf5 14. Nd4 e6 15. Ndb5 Nc6 16. Nd6 Ba6 17. Rfd1 f6 18. Qg3 Nxe5 19. b4 Rb8 20. b5 Bb7 21. Ne2 Ba8 22. Rac1 Kh8 23. Nd4 Qe7 24. Kh2 Rg8 25. Ne2 Bh6 26. Bxh6 Rxg3 27. Nxg3 Nf7 28. Bg7+ Kg8 29. Nh5 Nxd6 30. Bxf6 Qf7 31. Rxd6 Qxh5 32. f3 Qh6 0-1

[Event "Oberliga NRW 1213"]
[Site "Germany"]
[Date "2013.04.07"]
[Round "8.7"]
[White "Kloster, Josef"]
[Black "Thalwitzer, David"]
[Result "1-0"]
[WhiteElo "2028"]
[BlackElo "2093"]
[PlyCount "47"]
[EventDate "2012.09.16"]
[EventType "team-tourn"]
[EventRounds "9"]
[EventCountry "GER"]
[SourceTitle "EXT 2017"]
[Source "ChessBase"]
[SourceDate "2016.10.25"]
[SourceVersion "1"]
[SourceVersionDate "2016.10.25"]
[SourceQuality "1"]
[WhiteTeam "Dortmund Hansa II"]
[BlackTeam "Koeln Porz II"]
[WhiteTeamCountry "GER"]
[BlackTeamCountry "GER"]

1. d4 Nf6 2. Nf3 g6 3. c4 c5 4. e3 Bg7 5. Nc3 0-0 6. Be2 d6 7. 0-0 a6 8. Qc2 cxd4 9. exd4 Nc6 10. a3 Bf5 11. Qd1 Rc8 12. b4 Na7 13. Bb2 b6 14. h3 a5 15. Qd2 axb4 16. axb4 Nc6 17. Ra4 d5 18. c5 bxc5 19. bxc5 Ne4 20. Qc1 Qd7 21. Bb5 Qb7 22. Ba6 Qb3 23. Ra3 Nxc3 24. Rxb3 1-0

[Event "Verbandsliga Mittelrhein-Ost 1213"]
[Site "Germany"]
[Date "2012.10.21"]
[Round "3.1"]
[White "Thiel, Kuno"]
[Black "Thalwitzer, David"]
[Result "0-1"]
[WhiteElo "2175"]
[BlackElo "2093"]
[PlyCount "78"]
[EventDate "2012.09.09"]
[EventType "team"]
[EventRounds "11"]
[EventCountry "GER"]
[SourceTitle "EXT 2015"]
[Source "ChessBase"]
[SourceDate "2014.11.20"]
[SourceVersion "1"]
[SourceVersionDate "2014.11.20"]
[SourceQuality "1"]
[WhiteTeam "Hennef"]
[BlackTeam "Koeln Porz III"]
[WhiteTeamCountry "GER"]
[BlackTeamCountry "GER"]

1. Nf3 Nf6 2. c4 g6 3. g3 Bg7 4. Bg2 0-0 5. 0-0 d6 6. d4 c6 7. Nc3 Bf5 8. b3 Ne4 9. Bb2 Nxc3 10. Bxc3 Be4 11. Qd2 Nd7 12. Rad1 d5 13. Rfe1 Re8 14. Qb2 a5 15. a4 Qc7 16. Rc1 h5 17. e3 Qb8 18. Red1 Rd8 19. Ne1 Bxg2 20. Kxg2 b5 21. axb5 cxb5 22. c5 b4 23. c6 Nc5 24. Bd2 Ne6 25. Rc2 Rc8 26. Ra1 Qd6 27. Nd3 Ng5 28. Rc5 Qe6 29. Nf4 Qe4+ 30. Kf1 Qh1+ 31. Ke2 Qf3+ 32. Ke1 Qh1+ 33. Ke2 Qf3+ 34. Ke1 Ne4 35. Bxb4 axb4 36. Rxa8 Rxa8 37. Rb5 Ra1+ 38. Qxa1 Qxf2+ 39. Kd1 Qd2# 0-1

[Event "Naujac op 15th"]
[Site "Naujac"]
[Date "2012.06.25"]
[Round "2"]
[White "Dierkes, Tobias"]
[Black "Thalwitzer, David"]
[Result "1/2-1/2"]
[WhiteElo "2107"]
[BlackElo "2174"]
[PlyCount "65"]
[EventDate "2012.06.24"]
[EventType "swiss"]
[EventRounds "9"]
[EventCountry "FRA"]
[SourceTitle "CBM 149 Extra"]
[Source "ChessBase"]
[SourceDate "2012.08.24"]
[SourceVersion "1"]
[SourceVersionDate "2012.08.24"]
[SourceQuality "1"]

1. d4 Nf6 2. Nf3 g6 3. g3 Bg7 4. Bg2 0-0 5. 0-0 d6 6. b3 c6 7. Bb2 Bf5 8. Nbd2 Qc8 9. Re1 Ne4 10. Nh4 Nxd2 11. Qxd2 Bh3 12. Bh1 Bf6 13. Nf3 Na6 14. c4 Nc7 15. e4 Bg4 16. e5 Bg7 17. d5 cxd5 18. exd6 Bxb2 19. dxe7 Bxa1 20. exf8Q+ Qxf8 21. Rxa1 Bxf3 22. Bxf3 dxc4 23. Rc1 Rd8 24. Qa5 Ne6 25. Rxc4 b6 26. Qxa7 Nd4 27. Bb7 Qd6 28. Bg2 h5 29. h4 Kg7 30. Be4 Qe6 31. Qb7 Rd7 32. Qa8 Rd8 33. Qb7 1/2-1/2

[Event "Mittelrhein Verbandsliga-O 1112"]
[Site "Germany"]
[Date "2012.04.15"]
[Round "9"]
[White "Schmitz, Andreas Arnold"]
[Black "Thalwitzer, David"]
[Result "1-0"]
[WhiteElo "2082"]
[BlackElo "2072"]
[PlyCount "63"]
[EventDate "2011.09.18"]
[EventType "team-tourn"]
[EventRounds "11"]
[EventCountry "GER"]
[SourceTitle "EXT 2013"]
[Source "ChessBase"]
[SourceDate "2012.11.22"]
[SourceVersion "1"]
[SourceVersionDate "2012.11.22"]
[SourceQuality "1"]
[WhiteTeam "Freibauer Eikamp"]
[BlackTeam "Koeln Porz III"]
[WhiteTeamCountry "GER"]
[BlackTeamCountry "GER"]

1. e4 c5 2. b3 Nc6 3. Bb2 d6 4. f4 Nf6 5. Nc3 g6 6. Nf3 Bg7 7. Nd5 0-0 8. Nxf6+ exf6 9. Bc4 Re8 10. Bd5 Bh6 11. g3 Nb4 12. 0-0 Nxd5 13. exd5 Bg4 14. c4 Qd7 15. Rf2 Qf5 16. Qf1 Bh3 17. Nh4 Qd7 18. Ng2 Bg7 19. Re1 Bg4 20. Ne3 Bh3 21. Ng2 f5 22. Bxg7 Kxg7 23. Rfe2 Bg4 24. Re3 Bh3 25. Qe2 Bg4 26. Qd3 a6 27. Qc3+ Kh6 28. Qf6 Rxe3 29. Nxe3 Re8 30. Kf2 Qd8 31. Qxd8 Rxd8 32. h3 1-0

[Event "Mittelrhein Verbandsliga-O 1112"]
[Site "Germany"]
[Date "2012.03.18"]
[Round "8"]
[White "Thalwitzer, David"]
[Black "Neubauer, Juergen"]
[Result "1/2-1/2"]
[WhiteElo "2072"]
[BlackElo "2082"]
[PlyCount "20"]
[EventDate "2011.09.18"]
[EventType "team-tourn"]
[EventRounds "11"]
[EventCountry "GER"]
[SourceTitle "EXT 2013"]
[Source "ChessBase"]
[SourceDate "2012.11.22"]
[SourceVersion "1"]
[SourceVersionDate "2012.11.22"]
[SourceQuality "1"]
[WhiteTeam "Koeln Porz III"]
[BlackTeam "Euskirchen Turm"]
[WhiteTeamCountry "GER"]
[BlackTeamCountry "GER"]

1. e4 e5 2. Nf3 Nc6 3. Bb5 a6 4. Ba4 Nf6 5. Qe2 d6 6. c3 b5 7. Bb3 Be7 8. a4 b4 9. Qc4 0-0 10. Ng5 Qe8 1/2-1/2

[Event "Mittelrhein Verbandsliga-O 1112"]
[Site "Germany"]
[Date "2011.12.11"]
[Round "4"]
[White "Thalwitzer, David"]
[Black "Gramb, Marius"]
[Result "1-0"]
[WhiteElo "2072"]
[BlackElo "1867"]
[PlyCount "75"]
[EventDate "2011.09.18"]
[EventType "team-tourn"]
[EventRounds "11"]
[EventCountry "GER"]
[SourceTitle "EXT 2013"]
[Source "ChessBase"]
[SourceDate "2012.11.22"]
[SourceVersion "1"]
[SourceVersionDate "2012.11.22"]
[SourceQuality "1"]
[WhiteTeam "Koeln Porz III"]
[BlackTeam "Bruehl III"]
[WhiteTeamCountry "GER"]
[BlackTeamCountry "GER"]

1. e4 c6 2. d4 d5 3. exd5 cxd5 4. c4 Nf6 5. Nc3 Nc6 6. Nf3 Bg4 7. cxd5 Nxd5 8. Qb3 Bxf3 9. gxf3 e6 10. Qxb7 Nxd4 11. Bb5+ Nxb5 12. Qc6+ Ke7 13. Qxb5 Nxc3 14. Qc5+ Qd6 15. Qxc3 Ke8 16. 0-0 Qc5 17. Qb3 Bd6 18. Rd1 Rb8 19. Qa4+ Ke7 20. Be3 Qc7 21. Rac1 Qb7 22. Rc6 Rhd8 23. Rdxd6 Rxd6 24. Bc5 Rbd8 25. Qa6 Qb8 26. b4 e5 27. Rxd6 Rxd6 28. Bxd6+ Qxd6 29. Qxa7+ Kf6 30. b5 Qd1+ 31. Kg2 Qc1 32. Qe3 Qb1 33. Qb6+ Kg5 34. a4 Kh4 35. Qd8+ f6 36. Qd7 f5 37. Qxg7 e4 38. Qh6# 1-0

[Event "Mittelrhein Verbandsliga-O 1112"]
[Site "Germany"]
[Date "2011.09.18"]
[Round "1"]
[White "Kluenter, Wilhelm"]
[Black "Thalwitzer, David"]
[Result "1-0"]
[WhiteElo "1969"]
[BlackElo "2072"]
[PlyCount "73"]
[EventDate "2011.09.18"]
[EventType "team-tourn"]
[EventRounds "11"]
[EventCountry "GER"]
[SourceTitle "EXT 2013"]
[Source "ChessBase"]
[SourceDate "2012.11.22"]
[SourceVersion "1"]
[SourceVersionDate "2012.11.22"]
[SourceQuality "1"]
[WhiteTeam "Erftstadt SV"]
[BlackTeam "Koeln Porz III"]
[WhiteTeamCountry "GER"]
[BlackTeamCountry "GER"]

1. e4 c5 2. Nf3 d6 3. d4 cxd4 4. Nxd4 Nf6 5. Nc3 g6 6. f4 Bg4 7. Bb5+ Nbd7 8. Qd3 a6 9. h3 Bxh3 10. Qxh3 axb5 11. Ndxb5 Bg7 12. Be3 Rc8 13. 0-0-0 h5 14. Bd4 0-0 15. e5 dxe5 16. Bxe5 Ng4 17. Bxg7 Kxg7 18. Rd2 Qe8 19. Re1 Rc6 20. Ne4 Ndf6 21. Ned6 Qa8 22. Rxe7 Qa4 23. Qb3 Qxb3 24. axb3 Ra8 25. c3 Ra1+ 26. Kc2 Rf1 27. Rxf7+ Kg8 28. Rxb7 Ne3+ 29. Kd3 Ned5 30. g3 Rf3+ 31. Kc2 Rxg3 32. Rf7 Nb4+ 33. Kc1 Rg1+ 34. Rd1 Rg2 35. Ra7 Nbd5 36. Ne4 Nxf4 37. Rd8+ 1-0

[Event "NRW Class1 0910"]
[Site "Germany"]
[Date "2009.11.22"]
[Round "3.6"]
[White "Beckmann, Klaus"]
[Black "Thalwitzer, David"]
[Result "1-0"]
[WhiteElo "2279"]
[BlackElo "2187"]
[PlyCount "63"]
[EventDate "2009.09.20"]
[EventType "team-tourn"]
[EventRounds "9"]
[EventCountry "GER"]
[SourceTitle "EXT 2011"]
[Source "ChessBase"]
[SourceDate "2010.11.26"]
[SourceVersion "1"]
[SourceVersionDate "2010.11.26"]
[SourceQuality "1"]
[WhiteTeam "Neuenkirchen"]
[BlackTeam "Porz SG II"]
[WhiteTeamCountry "GER"]
[BlackTeamCountry "GER"]

1. e4 c5 2. Nf3 d6 3. c3 Nf6 4. Be2 g6 5. 0-0 Bg7 6. Bb5+ Bd7 7. Bxd7+ Qxd7 8. Re1 Nc6 9. d4 0-0 10. h3 Rfd8 11. d5 Na5 12. Qc2 b5 13. Nbd2 Ne8 14. a4 a6 15. axb5 axb5 16. b3 e6 17. Bb2 exd5 18. exd5 Qb7 19. Ra2 Nc7 20. c4 Bxb2 21. Rxb2 Re8 22. Ne4 Rxe4 23. Rxe4 Rb8 24. Ra2 Qb6 25. Nd2 Na6 26. Qc3 Nb4 27. Ra1 Qd8 28. Rae1 Qf8 29. Re7 h5 30. Ne4 Rd8 31. Nf6+ Kh8 32. Re8 1-0